Actors who worked with Rob Marshall - Statistics

General Stats
  • This quiz has been taken 11 times
  • The average score is 22 of 51
Answer Stats
Films Answer % Correct
Pirates of the Caribbean: On Stranger Tides, Into the Woods Johnny Depp
100%
Into the Woods, Mary Poppins Returns Emily Blunt
91%
Into the Woods Meryl Streep
82%
Nine, Pirates of the Caribbean: On Stranger Tides Penélope Cruz
82%
Chicago Renée Zellweger
82%
Chicago Catherine Zeta-Jones
73%
Into the Woods Chris Pine
73%
The Little Mermaid (2023) Javier Bardem
73%
Into the Woods Anna Kendrick
64%
The Little Mermaid (2023) Awkwafina
64%
Pirates of the Caribbean: On Stranger Tides Geoffrey Rush
64%
The Little Mermaid (2023) Halle Bailey
64%
Chicago John C. Reilly
64%
Mary Poppins Returns Lin-Manuel Miranda
64%
The Little Mermaid (2023) Melissa McCarthy
64%
Nine Daniel Day-Lewis
55%
Mary Poppins Returns Dick Van Dyke
55%
The Little Mermaid (2023) Jacob Tremblay
55%
Chicago Queen Latifah
55%
Nine Kate Hudson
45%
Chicago Lucy Liu
45%
Nine Nicole Kidman
45%
Mary Poppins Returns Ben Whishaw
36%
Mary Poppins Returns Colin Firth
36%
The Little Mermaid (2023) Daveed Diggs
36%
Chicago Dominic West
36%
Mary Poppins Returns Emily Mortimer
36%
Nine Fergie
36%
Memoirs of a Geisha Gong Li
36%
Nine Marion Cotillard
36%
Memoirs of a Geisha Michelle Yeoh
36%
Pirates of the Caribbean: On Stranger Tides Sam Claflin
36%
Mary Poppins Returns Angela Lansbury
27%
Into the Woods Christine Baranski
27%
Pirates of the Caribbean: On Stranger Tides Ian McShane
27%
The Little Mermaid (2023) Jonah Hauer-King
27%
Nine, Pirates of the Caribbean: On Stranger Tides Judi Dench
27%
Mary Poppins Returns Julie Walters
27%
Pirates of the Caribbean: On Stranger Tides Keith Richards
27%
Pirates of the Caribbean: On Stranger Tides Kevin McNally
27%
Nine Sophia Loren
27%
Into the Woods Tracey Ullman
27%
Memoirs of a Geisha Zhang Ziyi
27%
Into the Woods Billy Magnussen
18%
Chicago Colm Feore
18%
Memoirs of a Geisha Ken Watanabe
18%
Into the Woods Lilla Crawford
18%
Pirates of the Caribbean: On Stranger Tides Richard Griffiths
18%
Pirates of the Caribbean: On Stranger Tides Àstrid Bergès-Frisbey
9%
Into the Woods James Cordon
0%
The Little Mermaid (2023) Noma Dumezweni
0%
No matching quizzes found
Score Distribution
Percent of People with Each Score
Percentile by Number Answered
Your Score History
You have not taken this quiz